LIBRARY & INFORMATION CENTRE, KCAET, TAVANUR

ONLINE PUBLIC ACCESS CATALOGUE (OPAC)

Elements of food science / (Record no. 12905)

MARC details
000 -LEADER
fixed length control field 00453cam a2200181ua 4500
020 ## - INTERNATIONAL STANDARD BOOK NUMBER
ISBN 81-261-3077-6
041 ## - LANGUAGE CODE
Language code of text/sound track or separate title eng
082 ## - DEWEY DECIMAL CLASSIFICATION NUMBER
Classification number 664
Item number VEE/FO
100 ## - MAIN ENTRY--AUTHOR NAME
Personal name Veer , Udai .
245 ## - TITLE STATEMENT
Title Elements of food science /
250 ## - EDITION STATEMENT
Edition statement 1 /
260 ## - PUBLICATION, DISTRIBUTION, ETC. (IMPRINT)
Place of publication NewDelhi :
Name of publisher Anmol Publications Pvt. Limited ,
Year of publication 2007.
300 ## - PHYSICAL DESCRIPTION
Number of Pages 296 ; .
942 ## - ADDED ENTRY ELEMENTS (KOHA)
Koha item type Books
Holdings
Withdrawn status Lost status Damaged status Home library Current library Date acquired Full call number Accession Number Koha item type
      KAUAET KAUAET 07/04/2012 664 21170 Books
free website counter